[Event "Wellington CC Summer Cup"]
[Site "Wellington"]
[Date "2013.02.14"]
[Round "2"]
[White "Sknar, Andrew"]
[Black "Cook, John"]
[Result "0-1"]
[WhiteElo "1427"]
[BlackElo "1646"]
[PlyCount "64"]
[EventDate "2013.02.07"]
[EventType "swiss"]
[EventRounds "8"]
[EventCountry "NZL"]
[SourceTitle "OM OTB B 201907"]
[Source "Opening Master"]
[SourceDate "2019.07.06"]
[SourceVersion "2"]
[SourceVersionDate "2019.07.06"]
[SourceQuality "1"]

1. e4 e5 2. Nf3 Nc6 3. c3 Nf6 4. Bd3 Bc5 5. b4 Bb6 6. h3 O-O 7. Ba3 Re8 8. c4
a6 9. g4 d6 10. g5 Nh5 11. Qc2 Nd4 12. Nxd4 Bxd4 13. Nc3 Bd7 14. h4 b5 15. Bb2
Nf4 16. Ne2 Ng2+ 17. Kf1 Bxb2 18. Qxb2 Nf4 19. Nxf4 exf4 20. Re1 Bc6 21. Rg1
Qd7 22. Re2 Qh3+ 23. Ke1 Qxd3 24. c5 Bxe4 25. h5 Bf3 26. Kd1 Rxe2 27. Kc1 Rae8
28. Qc3 Re1+ 29. Rxe1 Rxe1+ 30. Kb2 Qb1+ 31. Ka3 Bd5 32. h6 Qxa2# 0-1

[Event "corr freechess"]
[Site "freechess.de"]
[Date "2013.02.14"]
[Round "?"]
[White "Lehnert, Dario"]
[Black "Panhaleux, Christophe"]
[Result "0-1"]
[WhiteElo "1800"]
[BlackElo "1800"]
[PlyCount "56"]
[EventDate "2013.??.??"]
[EventType "tourn (corr)"]
[SourceTitle "OM Corr 202003"]
[Source "Opening Master"]
[SourceDate "2019.05.30"]
[SourceVersion "2"]
[SourceVersionDate "2019.05.30"]
[SourceQuality "1"]

1. e4 e5 2. Nf3 Nc6 3. c3 d6 4. Bc4 Be6 5. Qb3 Bxc4 6. Qxb7 Bxa2 7. Rxa2 Nce7
8. Rxa7 Rxa7 9. Qxa7 Nf6 10. Na3 Nxe4 11. O-O f5 12. d3 Nc5 13. Nb5 Nd5 14. c4
c6 15. Bg5 Be7 16. Bxe7 Qxe7 17. Qa8+ Qd8 18. Qxc6+ Qd7 19. Nxd6+ Ke7 20. cxd5
Qxd6 21. Qb5 Rb8 22. Qa5 Nxd3 23. Qa7+ Kf6 24. Rc1 Nxc1 25. Qe3 Rc8 26. h3 Qxd5
27. Qg5+ Ke6 28. Qxc1 Rxc1+ 0-1

[Event "FICGS__CHESS__CLASS_F__000124"]
[Site "FICGS"]
[Date "2013.02.13"]
[Round "1"]
[White "Zeckarias, Simon"]
[Black "Kehayov, Yulian"]
[Result "0-1"]
[WhiteElo "951"]
[BlackElo "1167"]
[PlyCount "34"]
[EventDate "2013.??.??"]

1. e4 e5 2. Nf3 Nc6 3. c3 d5 4. Bb5 dxe4 5. Nxe5 Qd5 6. Bxc6+ bxc6 7. d4 Bd6 8.
c4 Qe6 9. Bf4 f6 10. d5 Qf5 11. Nxc6 Qxf4 12. Qa4 Qc1+ 13. Ke2 Qxh1 14. c5 Bg4+
15. f3 Qxg2+ 16. Ke3 Qxf3+ 17. Kd4 Qd3# 0-1

[Event "FICS rated standard game"]
[Site "FICS freechess.org"]
[Date "2013.02.13"]
[Round "?"]
[White "sonoffischer"]
[Black "bacha"]
[Result "1-0"]
[WhiteElo "2169"]
[BlackElo "2053"]
[PlyCount "28"]
[EventDate "2013.??.??"]
[SourceTitle "OM Portal C 201906"]
[Source "Opening Master"]
[SourceDate "2019.06.27"]
[SourceVersion "1"]
[SourceVersionDate "2019.06.27"]
[SourceQuality "1"]

1. e4 e5 2. Nf3 Nc6 3. c3 d5 4. Qc2 Nf6 5. d3 Bg4 6. Be2 Qd7 7. O-O O-O-O 8. h3
Bh5 9. b4 h6 10. b5 Bxf3 11. bxc6 Qxc6 12. Bxf3 dxe4 13. dxe4 Bc5 14. Nd2 Rhe8
1-0

[Event "FICS unrated standard game"]
[Site "FICS freechess.org"]
[Date "2013.02.12"]
[Round "?"]
[White "vivin"]
[Black "piracicaba"]
[Result "1-0"]
[WhiteElo "2155"]
[BlackElo "2015"]
[PlyCount "65"]
[EventDate "2013.??.??"]
[SourceTitle "OM Portal C 201906"]
[Source "Opening Master"]
[SourceDate "2019.06.27"]
[SourceVersion "1"]
[SourceVersionDate "2019.06.27"]
[SourceQuality "1"]

1. e4 e5 2. Nf3 Nc6 3. c3 Nf6 4. d4 exd4 5. e5 Ne4 6. Bd3 d5 7. exd6 Nxd6 8.
cxd4 Be7 9. d5 Nb8 10. Qc2 h6 11. O-O O-O 12. Re1 c6 13. Nc3 Re8 14. Bf4 a6 15.
Rad1 c5 16. Bxd6 Bxd6 17. Ne4 Bf8 18. Nxc5 Rxe1+ 19. Rxe1 Nd7 20. Nxd7 Bxd7 21.
Ne5 Be8 22. Qc4 Rc8 23. Qe4 g6 24. a3 Bg7 25. h4 h5 26. g3 b5 27. Bf1 Rc5 28.
Bg2 Bd7 29. Qf4 Be8 30. d6 Bxe5 31. Rxe5 Rc4 32. Qe3 Bd7 33. Bd5 1-0

[Event "SA-2013-0-00331"]
[Site "Lechenicher SchachServer"]
[Date "2013.02.12"]
[Round "?"]
[White "Gonzaga Grego, Luis Jose"]
[Black "Avellan, Gerardo"]
[Result "1/2-1/2"]
[WhiteElo "2054"]
[BlackElo "2087"]
[PlyCount "33"]
[EventDate "2013.01.17"]
[EventType "tourn"]
[EventRounds "6"]
[SourceTitle "OM Corr 202003"]
[Source "Opening Master"]
[SourceDate "2019.05.30"]
[SourceVersion "2"]
[SourceVersionDate "2019.05.30"]
[SourceQuality "1"]

1. e4 e5 2. Nf3 Nc6 3. c3 d5 4. Qa4 f6 5. d3 a6 6. Be2 Be6 7. O-O Nge7 8. Rd1
d4 9. cxd4 exd4 10. a3 g5 11. e5 h6 12. exf6 Ng6 13. b4 Bd6 14. Nbd2 g4 15. Ne1
Nf4 16. Bf1 Qxf6 17. b5 1/2-1/2

[Event "British Columbia op"]
[Site "Richmond"]
[Date "2013.02.11"]
[Round "5"]
[White "Sanetullaev, Alisher"]
[Black "Soliven, Joe"]
[Result "1-0"]
[WhiteElo "2169"]
[BlackElo "2001"]
[PlyCount "103"]
[EventDate "2013.02.09"]
[EventType "swiss"]
[EventRounds "5"]
[EventCountry "CAN"]
[SourceTitle "EXT 2014"]
[Source "ChessBase"]
[SourceDate "2013.11.20"]
[SourceVersion "1"]
[SourceVersionDate "2013.11.20"]
[SourceQuality "1"]

1. e4 e5 2. Nf3 Nc6 3. c3 Nf6 4. d4 Nxe4 5. d5 Nb8 6. Nxe5 d6 7. Qa4+ c6 8.
Qxe4 dxe5 9. Qxe5+ Be7 10. Qxg7 Bf6 11. Qh6 cxd5 12. Be2 Be6 13. O-O Nd7 14.
Be3 Qe7 15. Na3 a6 16. Nc2 O-O-O 17. Rfd1 Rhg8 18. Qf4 Be5 19. Qb4 Bd6 20. Qa4
Kb8 21. Nb4 Bxh2+ 22. Kf1 Nc5 23. Nc6+ bxc6 24. Qb4+ Qb7 25. Qxc5 Bd6 26. Qa5
Bc8 27. Rd4 Bc7 28. Bf4 c5 29. Qxc5 a5 30. Qxa5 Rd6 31. Bxd6 Bxd6 32. Qxd5 Qxd5
33. Rxd5 Kc7 34. Rad1 Rg6 35. Bf3 Ba6+ 36. Kg1 Rh6 37. g3 Rf6 38. Bg2 Re6 39.
c4 Bb4 40. a3 Be7 41. c5 Bb5 42. b4 Ra6 43. Bf1 Kc6 44. Rd6+ Bxd6 45. Rxd6+ Kb7
46. Bxb5 Rxa3 47. Rd7+ Kc8 48. c6 Ra1+ 49. Kg2 Rc1 50. Ba6+ Kb8 51. b5 Rc2 52.
b6 1-0

[Event "RA-2013-0-00260"]
[Site "LSS email"]
[Date "2013.02.11"]
[Round "?"]
[White "Grego, Luis Jose Gonzaga"]
[Black "Spirin, Anatoly"]
[Result "1/2-1/2"]
[WhiteElo "2059"]
[BlackElo "2081"]
[PlyCount "29"]
[EventDate "2013.01.27"]
[EventType "tourn (corr)"]
[EventRounds "6"]
[SourceTitle "OM Corr 202003"]
[Source "Opening Master"]
[SourceDate "2019.05.30"]
[SourceVersion "2"]
[SourceVersionDate "2019.05.30"]
[SourceQuality "1"]

1. e4 e5 2. Nf3 Nc6 3. c3 Nf6 4. d4 exd4 5. e5 Nd5 6. cxd4 d6 7. Bb5 Be7 8. Nc3
Be6 9. O-O O-O 10. Qe2 h6 11. Bd3 Qd7 12. Rd1 Rad8 13. Bd2 Nxc3 14. Bxc3 Bd5
15. Be4 1/2-1/2

[Event "Solingen Karneval op"]
[Site "Solingen"]
[Date "2013.02.10"]
[Round "5"]
[White "Hammermeister, Udo"]
[Black "Mueller, Adrian"]
[Result "1/2-1/2"]
[WhiteElo "1732"]
[BlackElo "1042"]
[PlyCount "57"]
[EventDate "2013.02.08"]
[EventType "swiss"]
[EventRounds "5"]
[EventCountry "GER"]
[SourceTitle "EXT 2015"]
[Source "ChessBase"]
[SourceDate "2014.11.20"]
[SourceVersion "1"]
[SourceVersionDate "2014.11.20"]
[SourceQuality "1"]

1. e4 e5 2. Nf3 Nc6 3. c3 Nf6 4. d4 Nxe4 5. d5 Ne7 6. Nxe5 Ng6 7. Nxg6 hxg6 8.
Nd2 Nxd2 9. Bxd2 Bc5 10. b4 Be7 11. g3 b6 12. Bg2 Bb7 13. O-O d6 14. Qa4+ Qd7
15. Qxd7+ Kxd7 16. b5 Bf6 17. Rac1 a6 18. a4 axb5 19. axb5 Ra2 20. Be3 Re8 21.
Rfd1 Re5 22. c4 Bg5 23. Bxg5 Rxg5 24. f4 Rh5 25. Re1 g5 26. fxg5 Rxg5 27. Re3
Re5 28. Rce1 f6 29. Bh3+ 1/2-1/2

[Event "Lienz op 17th"]
[Site "Lienz"]
[Date "2013.02.10"]
[Round "3"]
[White "Ploessnig, Michael"]
[Black "Steiner, Karl"]
[Result "0-1"]
[WhiteElo "1927"]
[BlackElo "2090"]
[PlyCount "56"]
[EventDate "2013.02.09"]
[EventType "swiss"]
[EventRounds "9"]
[EventCountry "AUT"]
[SourceTitle "CBM 152 Extra"]
[Source "ChessBase"]
[SourceDate "2013.02.25"]
[SourceVersion "1"]
[SourceVersionDate "2013.02.25"]
[SourceQuality "1"]

1. e4 e5 2. Nf3 Nc6 3. c3 Nf6 4. d4 Nxe4 5. d5 Nb8 6. Be3 Bd6 7. Qc2 Nf6 8. Bc4
b5 9. Bxb5 Nxd5 10. Qe4 c6 11. Nxe5 O-O 12. Bd3 f5 13. Qd4 f4 14. Qe4 Bxe5 15.
Qxh7+ Kf7 16. Qh5+ Ke6 17. Qg4+ Kf7 18. Qh5+ Ke6 19. Qg4+ Ke7 20. c4 fxe3 21.
cxd5 exf2+ 22. Ke2 d6 23. Qh4+ Kd7 24. dxc6+ Nxc6 25. Qc4 Qb6 26. Nd2 a5 27.
Qg4+ Kc7 28. Rac1 Bxg4+ 0-1

[Event "FICS rated standard game"]
[Site "FICS freechess.org"]
[Date "2013.02.10"]
[Round "?"]
[White "sonoffischer"]
[Black "MrsLurking"]
[Result "1-0"]
[WhiteElo "2136"]
[BlackElo "2311"]
[PlyCount "53"]
[EventDate "2013.??.??"]
[SourceTitle "OM Portal C 201906"]
[Source "Opening Master"]
[SourceDate "2019.06.27"]
[SourceVersion "1"]
[SourceVersionDate "2019.06.27"]
[SourceQuality "1"]

1. e4 e5 2. Nf3 Nc6 3. c3 Nf6 4. d4 Nxe4 5. d5 Ne7 6. Nxe5 Ng6 7. Nxg6 hxg6 8.
Bd3 Nc5 9. O-O Qh4 10. h3 Nxd3 11. Qxd3 Be7 12. Re1 O-O 13. Nd2 Bc5 14. Ne4 Bb6
15. Bg5 Qh5 16. d6 f5 17. Nf6+ gxf6 18. Qd5+ Kh7 19. Re7+ Kh8 20. Re8 Kg7 21.
Rxf8 Kxf8 22. Re1 Be3 23. Rxe3 Qh7 24. Re7 Qxe7 25. dxe7+ Kxe7 26. Qe5+ Kf7 27.
Qxf6+ 1-0

[Event "FIN-chT1 East 1213"]
[Site "Finland"]
[Date "2013.02.09"]
[Round "6.7"]
[White "Karvinen, Kimmo"]
[Black "Borenius, Mika"]
[Result "1-0"]
[WhiteElo "1976"]
[BlackElo "1866"]
[PlyCount "73"]
[EventDate "2012.09.29"]
[EventType "team-tourn"]
[EventRounds "7"]
[EventCountry "FIN"]
[SourceTitle "OM OTB B 201907"]
[Source "Opening Master"]
[SourceDate "2019.07.06"]
[SourceVersion "2"]
[SourceVersionDate "2019.07.06"]
[SourceQuality "1"]
[WhiteTeam "Vantaa Remi"]
[BlackTeam "Espoo ESK"]
[WhiteTeamCountry "FIN"]
[BlackTeamCountry "FIN"]

1. e4 e5 2. Nf3 Nc6 3. c3 Nf6 4. d4 Nxe4 5. d5 Ne7 6. Nxe5 Ng6 7. Qd4 Qf6 8.
Qxe4 Qxe5 9. Qxe5+ Nxe5 10. Nd2 Be7 11. Nc4 Nxc4 12. Bxc4 O-O 13. Be3 d6 14.
O-O Bf6 15. a4 Bd7 16. a5 b5 17. Bd3 a6 18. Rfe1 Rfe8 19. Kf1 Rab8 20. Ba7 Ra8
21. Rxe8+ Bxe8 22. Be3 Rb8 23. Rc1 Kf8 24. b4 Bd7 25. Ke2 h6 26. Be4 Rc8 27.
Kd3 c5 28. dxc6 Bxc6 29. Bxc6 Rxc6 30. c4 bxc4+ 31. Rxc4 Rxc4 32. Kxc4 Ke7 33.
b5 Kd7 34. bxa6 Kc6 35. Bd4 d5+ 36. Kd3 Bd8 37. Bxg7 1-0

[Event "ISR-chT 13"]
[Site "Israel"]
[Date "2013.02.08"]
[Round "11.2"]
[White "Sidorenko, Ilya"]
[Black "Steinberg, Nitzan"]
[Result "1/2-1/2"]
[WhiteElo "2415"]
[BlackElo "2390"]
[PlyCount "87"]
[EventDate "2012.12.21"]
[EventType "team"]
[EventRounds "11"]
[EventCountry "ISR"]
[SourceTitle "EXT 2014"]
[Source "ChessBase"]
[SourceDate "2013.11.20"]
[SourceVersion "1"]
[SourceVersionDate "2013.11.20"]
[SourceQuality "1"]

1. e4 e5 2. Nf3 Nc6 3. c3 Nf6 4. d4 Nxe4 5. Bd3 d5 6. dxe5 Be7 7. O-O Bg4 8.
Bf4 Bh5 9. Qe2 g5 10. Bg3 Bg6 11. Nbd2 Nxd2 12. Qxd2 Bxd3 13. Qxd3 Qd7 14. b4
O-O-O 15. b5 Na5 16. Rfe1 Nc4 17. Nd4 Rde8 18. e6 fxe6 19. Nxe6 Bd8 20. Qd4 b6
21. a4 Rhg8 22. Nxd8 Rxe1+ 23. Rxe1 Rxd8 24. h3 Rf8 25. Rd1 Rd8 26. Kh2 Kb7 27.
Qf6 Rg8 28. Re1 Rg6 29. Qf8 Re6 30. Qf5 Re7 31. Qb1 Rxe1 32. Qxe1 a6 33. Qb1
axb5 34. axb5 Na3 35. Qd3 h6 36. f4 gxf4 37. Bxf4 Qxb5 38. Qh7 Qc4 39. Qxh6
Qxc3 40. h4 d4 41. Qg7 Qc5 42. Qg6 Qe7 43. Qg5 Qe4 44. h5 1/2-1/2

[Event "Moscow op-B"]
[Site "Moscow"]
[Date "2013.02.07"]
[Round "6"]
[White "Bivol, Alina"]
[Black "Semenova, Elena"]
[Result "1-0"]
[WhiteElo "2214"]
[BlackElo "2126"]
[PlyCount "105"]
[EventDate "2013.02.02"]
[EventType "swiss"]
[EventRounds "9"]
[EventCountry "RUS"]
[SourceTitle "CBM 152 Extra"]
[Source "ChessBase"]
[SourceDate "2013.02.25"]
[SourceVersion "1"]
[SourceVersionDate "2013.02.25"]
[SourceQuality "1"]

1. e4 e5 2. Nf3 Nc6 3. c3 Nf6 4. d4 d5 5. Bb5 exd4 6. Nxd4 Bd7 7. Bxc6 bxc6 8.
e5 Ne4 9. O-O Be7 10. f3 Ng5 11. f4 Ne4 12. f5 c5 13. Ne2 Bc6 14. Nd2 O-O 15.
Nxe4 dxe4 16. Qe1 Re8 17. Bf4 Qd7 18. Ng3 Bh4 19. Rd1 Qe7 20. Qe3 f6 21. Nxe4
fxe5 22. Bg5 Bxg5 23. Nxg5 Rad8 24. Ne6 Rxd1 25. Rxd1 Bd7 26. Qxe5 Bxe6 27. Re1
Qg5 28. fxe6 Qxe5 29. Rxe5 c4 30. e7 Kf7 31. Kf2 Kf6 32. Re4 Rxe7 33. Rxc4 Ke5
34. Rd4 c5 35. Rd2 Rb7 36. Ke3 c4 37. Ke2 Rb6 38. Kd1 Ke4 39. Kc2 Ke3 40. Rd4
Rg6 41. g3 Rh6 42. h4 Kf3 43. Rxc4 Kxg3 44. Rc7 g6 45. Rxa7 Rxh4 46. b4 g5 47.
b5 h5 48. b6 Rh2+ 49. Kb3 Rh1 50. Kb2 Rh2+ 51. Ka3 Rh1 52. Ra4 Re1 53. b7 1-0

[Event "Hong Kong-ch qual"]
[Site "Hong Kong"]
[Date "2013.02.04"]
[Round "2"]
[White "Galicia, Eugenio Jr"]
[Black "Borigas, Edgardo"]
[Result "0-1"]
[WhiteElo "1686"]
[BlackElo "1972"]
[PlyCount "104"]
[EventDate "2013.01.28"]
[EventType "swiss"]
[EventRounds "9"]
[EventCountry "HKG"]
[SourceTitle "EXT 2015"]
[Source "ChessBase"]
[SourceDate "2014.11.20"]
[SourceVersion "1"]
[SourceVersionDate "2014.11.20"]
[SourceQuality "1"]

1. e4 e5 2. Nf3 Nc6 3. c3 Nf6 4. d4 exd4 5. e5 Qe7 6. cxd4 d6 7. Bb5 Bd7 8. O-O
Nd5 9. Bg5 f6 10. exf6 gxf6 11. Re1 Be6 12. Qa4 Kd7 13. Bc4 Qf7 14. Bh4 Re8 15.
Nbd2 Bg7 16. Bb5 Nb6 17. Qc2 Bd5 18. Rac1 Bh6 19. Bxc6+ bxc6 20. Rcd1 f5 21. b3
Rhg8 22. Rxe8 Rxe8 23. Re1 Rxe1+ 24. Nxe1 Qg6 25. Ndf3 Be4 26. Qe2 Nd5 27. Qc4
f4 28. h3 Bxf3 29. Nxf3 Qb1+ 30. Kh2 Bg7 31. Qa6 Qe4 32. Qxa7 Nb6 33. Qb8 Nc8
34. Qb4 Ne7 35. a4 c5 36. Qb8 Nc6 37. Qg8 Bxd4 38. Qf7+ Kc8 39. Ng5 Qg6 40.
Qxh7 Qxh7 41. Nxh7 Na5 42. Bf6 Nxb3 43. Bxd4 cxd4 44. Kg1 c5 45. Kf1 d3 46. Nf6
c4 47. Nd5 Kb7 48. g4 f3 49. g5 d2 50. Nc3 Nc5 51. h4 Ne4 52. Nd1 c3 0-1

[Event "corr freechess"]
[Site "freechess.de"]
[Date "2013.02.04"]
[Round "?"]
[White "Huy, Janina"]
[Black "Obst, Andreas"]
[Result "1-0"]
[WhiteElo "1625"]
[BlackElo "1676"]
[PlyCount "59"]
[EventDate "2013.??.??"]
[EventType "tourn (corr)"]
[SourceTitle "OM Corr 202003"]
[Source "Opening Master"]
[SourceDate "2019.05.30"]
[SourceVersion "2"]
[SourceVersionDate "2019.05.30"]
[SourceQuality "1"]

1. e4 e5 2. Nf3 Nc6 3. c3 a6 4. d4 exd4 5. cxd4 d5 6. exd5 Qxd5 7. Nc3 Bb4 8.
Be2 Nge7 9. O-O Qd7 10. Be3 O-O 11. a3 Bxc3 12. bxc3 b5 13. a4 b4 14. c4 Nf5
15. d5 Nce7 16. Qd3 Nxe3 17. fxe3 c5 18. e4 Bb7 19. Ne5 Qd6 20. Qg3 f6 21. Nd3
Qxg3 22. hxg3 Rac8 23. Bg4 f5 24. Bh3 a5 25. e5 Ba6 26. d6 Bxc4 27. dxe7 Rfe8
28. Bxf5 Rc7 29. Rac1 Bxd3 30. Be6+ 1-0

[Event "corr freechess"]
[Site "freechess.de"]
[Date "2013.02.04"]
[Round "?"]
[White "Kevekordes, Peter"]
[Black "Krauss, Heiko"]
[Result "1/2-1/2"]
[WhiteElo "2199"]
[BlackElo "2223"]
[PlyCount "71"]
[EventDate "2013.??.??"]
[EventType "tourn (corr)"]
[SourceTitle "OM Corr 202003"]
[Source "Opening Master"]
[SourceDate "2019.05.30"]
[SourceVersion "2"]
[SourceVersionDate "2019.05.30"]
[SourceQuality "1"]

1. e4 e5 2. Nf3 Nc6 3. c3 Nf6 4. d4 d6 5. Bd3 g6 6. O-O Bg7 7. h3 O-O 8. Re1 a5
9. d5 Ne7 10. c4 Nd7 11. Nc3 Nc5 12. Bc2 f5 13. Be3 fxe4 14. Nxe4 Nxe4 15. Bxe4
Nf5 16. Bg5 Bf6 17. Bd2 Nh4 18. Rc1 Nxf3+ 19. Bxf3 b6 20. Rc3 Bg5 21. Be4 Bxd2
22. Qxd2 Qh4 23. Rg3 Bd7 24. Ree3 Rf4 25. Qc2 Qh5 26. Rgf3 Qh6 27. Qc3 Qg5 28.
Rg3 Qf6 29. Rgf3 Rf8 30. Qd3 Kg7 31. Qd2 Rf7 32. Rxf4 Qxf4 33. Qe2 Qg5 34. Qc2
Rf4 35. b3 Qh4 36. Qe2 1/2-1/2

[Event "Bundesliga 1213"]
[Site "Germany"]
[Date "2013.02.03"]
[Round "8"]
[White "Michna, Christian"]
[Black "Nikolic, Predrag"]
[Result "0-1"]
[WhiteElo "2279"]
[BlackElo "2638"]
[PlyCount "76"]
[EventDate "2012.10.20"]
[EventType "team-tourn"]
[EventRounds "15"]
[EventCountry "GER"]
[SourceTitle "CBM 153"]
[Source "ChessBase"]
[SourceDate "2013.03.14"]
[SourceVersion "1"]
[SourceVersionDate "2013.03.14"]
[SourceQuality "1"]
[WhiteTeam "Norderstedt"]
[BlackTeam "Solingen"]
[WhiteTeamCountry "GER"]
[BlackTeamCountry "GER"]

1. e4 e5 2. Nf3 Nc6 3. c3 Nf6 4. d4 Nxe4 5. d5 Ne7 6. Nxe5 Ng6 7. Nxg6 hxg6 8.
Be3 Bd6 9. Nd2 Nf6 10. Qf3 O-O 11. O-O-O Re8 12. h4 Be5 13. g4 c6 14. d6 Nd5
15. Bc4 b5 16. Bxd5 cxd5 17. h5 Bb7 18. hxg6 fxg6 19. Bd4 Qg5 20. Kb1 Qf4 21.
Qh3 Kf7 22. Nf3 Bxd4 23. cxd4 Rh8 24. Qg2 Rxh1 25. Rxh1 Ke6 26. Re1+ Kxd6 27.
Re3 Kc7 28. Qf1 Bc6 29. a4 Rb8 30. Qc1 bxa4 31. Qc5 Rb6 32. Rc3 Qe4+ 33. Ka2
Qe2 34. Qa3 Qxf2 35. Ne5 Qxd4 36. Nf7 Qb4 37. Rxc6+ Kxc6 38. Ne5+ Kc7 0-1

[Event "La Candelaria Cup"]
[Site "Complejo de Raquetas"]
[Date "2013.02.03"]
[Round "7"]
[White "Torres Clavijo, Jose Manuel"]
[Black "Pulido Ardila, Lilian Vanessa"]
[Result "0-1"]
[WhiteElo "1555"]
[BlackElo "1702"]
[PlyCount "52"]
[EventDate "2013.01.30"]
[EventType "swiss"]
[EventRounds "7"]
[EventCountry "COL"]
[SourceTitle "CBM 152 Extra"]
[Source "ChessBase"]
[SourceDate "2013.02.25"]
[SourceVersion "1"]
[SourceVersionDate "2013.02.25"]
[SourceQuality "1"]

1. e4 e5 2. Nf3 Nc6 3. c3 Nf6 4. Qc2 Bc5 5. Bb5 d6 6. d4 exd4 7. cxd4 Bb4+ 8.
Nc3 Bd7 9. a3 Ba5 10. Bg5 h6 11. Bh4 Qe7 12. O-O-O g5 13. Nxg5 hxg5 14. Bxg5
Bxc3 15. bxc3 O-O-O 16. f3 Rdg8 17. h4 Kb8 18. Rhe1 Nxd4 19. Rxd4 Bxb5 20. Qb2
Bc6 21. Rc4 Kc8 22. Kc2 Qe6 23. Rb4 b6 24. c4 a5 25. Rb3 Ba4 26. Bxf6 Rxg2+ 0-1

[Event "TUR-ch"]
[Site "Antalya"]
[Date "2013.02.03"]
[Round "3"]
[White "Sahin, Ozgun"]
[Black "Ozates, Tuna"]
[Result "0-1"]
[WhiteElo "1870"]
[BlackElo "1673"]
[PlyCount "38"]
[EventDate "2013.02.02"]
[EventType "swiss"]
[EventRounds "11"]
[EventCountry "TUR"]
[SourceTitle "CBM 152 Extra"]
[Source "ChessBase"]
[SourceDate "2013.02.25"]
[SourceVersion "1"]
[SourceVersionDate "2013.02.25"]
[SourceQuality "1"]

1. e4 e5 2. Nf3 Nc6 3. c3 d5 4. Qa4 Qd6 5. exd5 Qxd5 6. Bb5 Bd7 7. O-O Bc5 8.
Re1 Nge7 9. b4 e4 10. bxc5 exf3 11. Bxc6 Bxc6 12. Qf4 O-O 13. Rxe7 Rae8 14. Re3
Rxe3 15. fxe3 Qd3 16. Qg3 fxg2 17. Qe1 Bb5 18. Kxg2 Qe4+ 19. Kf2 Qh4+ 0-1

[Event "TUR-ch"]
[Site "Antalya"]
[Date "2013.02.03"]
[Round "2"]
[White "Deviren, Erdi"]
[Black "Araboga, Mesut"]
[Result "1-0"]
[WhiteElo "1956"]
[BlackElo "1778"]
[PlyCount "97"]
[EventDate "2013.02.02"]
[EventType "swiss"]
[EventRounds "11"]
[EventCountry "TUR"]
[SourceTitle "CBM 152 Extra"]
[Source "ChessBase"]
[SourceDate "2013.02.25"]
[SourceVersion "1"]
[SourceVersionDate "2013.02.25"]
[SourceQuality "1"]

1. e4 e5 2. Nf3 Nc6 3. c3 Nf6 4. d4 exd4 5. e5 Nd5 6. Qb3 Nb6 7. cxd4 d5 8. Bb5
Be7 9. Be3 Be6 10. Nbd2 O-O 11. Bxc6 bxc6 12. Rc1 Rb8 13. Qc2 Bd7 14. O-O a5
15. Ne1 Bb4 16. f4 Bxd2 17. Bxd2 Nc4 18. b3 Bf5 19. Qxf5 Nxd2 20. Rf2 Ne4 21.
Rfc2 c5 22. dxc5 c6 23. Nd3 g6 24. Qg4 h5 25. Qf3 f5 26. exf6 Qxf6 27. Ne5 Rb7
28. Qh3 Re7 29. Nd3 Qd4+ 30. Kh1 Rf5 31. Qf3 Nf6 32. Rd1 Re3 33. Qf1 Qe4 34.
Rf2 Ng4 35. Rf3 Kg7 36. h3 Nf6 37. Rxe3 Qxe3 38. Qe1 Qe4 39. Qxe4 Nxe4 40. Kg1
h4 41. a3 Nc3 42. Re1 Ne4 43. b4 axb4 44. axb4 Rf7 45. Ne5 Rc7 46. Ra1 Ng3 47.
Ra6 Ne2+ 48. Kf2 Nxf4 49. Nxc6 1-0

[Event "Vitrolles-ch 13th"]
[Site "Vitrolles"]
[Date "2013.02.02"]
[Round "7"]
[White "Vallette, Patrick"]
[Black "Derien, Robert"]
[Result "1-0"]
[WhiteElo "1800"]
[BlackElo "1699"]
[PlyCount "113"]
[EventDate "2012.03.09"]
[EventType "swiss"]
[EventRounds "9"]
[EventCountry "FRA"]
[SourceTitle "OM OTB B 201907"]
[Source "Opening Master"]
[SourceDate "2019.07.06"]
[SourceVersion "2"]
[SourceVersionDate "2019.07.06"]
[SourceQuality "1"]

1. e4 e5 2. Nf3 Nc6 3. c3 Nf6 4. d4 exd4 5. e5 Ng4 6. cxd4 Bb4+ 7. Nc3 d6 8. h3
Nh6 9. Bg5 Qd7 10. Bb5 a6 11. Qa4 Ra7 12. Bxc6 Bxc3+ 13. bxc3 Qxc6 14. Qxc6+
bxc6 15. O-O Bf5 16. Nh4 Be6 17. Rfb1 Kd7 18. g4 Rf8 19. Rb2 Ng8 20. Nf5 h6 21.
Bf4 g6 22. Ne3 f5 23. gxf5 Bxf5 24. Nxf5 Rxf5 25. Bg3 Rf3 26. exd6 cxd6 27.
Rab1 Rxc3 28. Rb7+ Rxb7 29. Rxb7+ Ke6 30. Rb6 Nf6 31. Rxa6 Ne4 32. Bf4 g5 33.
Be3 Nf6 34. Kf1 Nd5 35. Ke2 Rc2+ 36. Kd1 Rc3 37. Kd2 Rc2+ 38. Kd1 Rc3 39. Kd2
Rc2+ 40. Kxc2 Nb4+ 41. Kb3 Nxa6 42. Ka4 Nc7 43. Ka5 Nd5 44. Bd2 Kd7 45. Ka6 Kc7
46. a3 Kc8 47. f3 Kc7 48. Ba5+ Kc8 49. Bb4 Nxb4+ 50. axb4 Kc7 51. b5 cxb5 52.
Kxb5 Kb7 53. d5 Kc7 54. Ka6 Kc8 55. Kb6 Kd7 56. Kb7 h5 57. Kb6 1-0

[Event "La Candelaria Cup"]
[Site "Complejo de Raquetas"]
[Date "2013.02.02"]
[Round "4"]
[White "Espinosa, Julio Manuel"]
[Black "De Arco, Luis Carlos"]
[Result "1/2-1/2"]
[WhiteElo "2282"]
[BlackElo "2258"]
[PlyCount "107"]
[EventDate "2013.01.30"]
[EventType "swiss"]
[EventRounds "7"]
[EventCountry "COL"]
[SourceTitle "CBM 152 Extra"]
[Source "ChessBase"]
[SourceDate "2013.02.25"]
[SourceVersion "1"]
[SourceVersionDate "2013.02.25"]
[SourceQuality "1"]

1. e4 e5 2. Nf3 Nc6 3. c3 Nf6 4. d3 Be7 5. Be2 O-O 6. O-O d5 7. Nbd2 h6 8. Re1
Be6 9. Bf1 Nd7 10. b4 a6 11. a3 Bf6 12. Bb2 Ne7 13. exd5 Nxd5 14. Ne4 Nf4 15.
c4 Ng6 16. Nxf6+ Qxf6 17. d4 Bg4 18. Be2 Rad8 19. Nxe5 Ndxe5 20. dxe5 Qg5 21.
Qc1 Nf4 22. Bf1 Rd2 23. h4 Nh3+ 24. gxh3 Qf4 25. Re2 Bxe2 26. Bxe2 g5 27. Bf3
Rxb2 28. Qxb2 Qxf3 29. Qd4 Qxh3 30. hxg5 hxg5 31. Re1 Re8 32. Re3 Qf5 33. b5
axb5 34. cxb5 Qb1+ 35. Kg2 Qxb5 36. Qe4 Qc6 37. Qxc6 bxc6 38. Kf3 Kg7 39. Ke4
Kg6 40. Kd4 Rd8+ 41. Kc5 Rd2 42. Rf3 Rc2+ 43. Kb4 Re2 44. Rf6+ Kg7 45. Rxc6
Rxf2 46. Rxc7 Re2 47. Rc5 Kg6 48. a4 g4 49. a5 Kf5 50. a6 Rb2+ 51. Ka5 g3 52.
a7 g2 53. Rc1 Kxe5 54. Rg1 1/2-1/2